000 00450nam a22001577a 4500
020 _a8173195226
040 _cNUST
082 _a536.25
_bCOM
100 _aMuralidhra,K
_9123519
110 _aSundarajan ,T
_9123520
245 _aComputational Fluid Flow and Heat Transfer
250 _aSecond Edition
260 _aNew Delhi:
_bNarosa Publishing House ,
_c2007.
650 _aComputational Fluid Flow and Heat Transfer
_9123521
942 _2ddc
_cBK
999 _c609691
_d609691